000 00408nam a22001577a 4500
003 OSt
005 20251124123046.0
008 251124b |||||||| |||| 00| 0 eng d
020 _a 978-1-4231-4056-6
040 _cCL
100 _aRIORDAN, RICK
245 _aThe throne of fire:
_bbook two /
260 _aNew York:
_bDisney Hyperion Books,
_cc2011.
300 _a452 p.;
_c21 cm.
942 _2ddc
_cFIC.
_n0
999 _c6077
_d6077